[Event "Is Bankasi Online Satranc Turn 17-18 YAS"]
[Site "T#646243Mustafa Kemal"]
[Date "2020.05.22"]
[Round "6"]
[White "Omeramirakdag30"]
[Black "Ataberkturkmen48"]
[Result "0-1"]
[WhiteElo "1887"]
[BlackElo "1822"]
[Annotator "NA RC"]
[PlyCount "152"]
[EventDate "2020.05.22"]
[EventType "swiss (blitz)"]

1. d4 {[%emt 0:00:03]} Nf6 {[%emt 0:00:02]} 2. Nf3 {[%emt 0:00:02]} e6 {[%emt 0:00:01]} 3. e3 {[%emt 0:00:01]} b6 {[%emt 0:00:01]} 4. b3 {[%emt 0:00:02]} Bb7 {[%emt 0:00:01]} 5. Bb2 {[%emt 0:00:01]} g6 {[%emt 0:00:01]} 6. c4 {[%emt 0:00:04]} Bg7 {[%emt 0:00:02]} 7. Be2 {[%emt 0:00:01]} O-O {[%emt 0:00:01]} 8. O-O {[%emt 0:00:01]} d5 {[%emt 0:00:04]} 9. Nbd2 {[%emt 0:00:08]} Nbd7 {[%emt 0:00:02]} 10. Qc2 {[%emt 0:00:02]} Ne4 {[%emt 0:00:05]} 11. Nxe4 {[%emt 0:00:02]} dxe4 {[%emt 0:00:01]} 12. Nd2 {[%emt 0:00:04]} c5 {[%emt 0:00:07]} 13. Nxe4 {[%emt 0:00:07]} cxd4 {[%emt 0:00:08]} 14. Bxd4 {[%emt 0:00:22]} Bxd4 {[%emt 0:00:06]} 15. exd4 {[%emt 0:00:00]} Qc7 {[%emt 0:00:25]} 16. Bf3 {[%emt 0:00:21]} e5 {[%emt 0:00:06]} 17. d5 {[%emt 0:00:19]} f5 {[%emt 0:00:01]} 18. Ng5 {[%emt 0:00:02]} Qd6 {[%emt 0:00:09]} 19. Ne6 {[%emt 0:00:07]} Rfe8 {[%emt 0:00:20]} 20. Qb2 {[%emt 0:00:06]} Nc5 {[%emt 0:00:25]} 21. Nxc5 {[%emt 0:00:10]} bxc5 {[%emt 0:00:08]} 22. Be2 {[%emt 0:00:12]} a5 {[%emt 0:00:02]} 23. a3 {[%emt 0:00:03]} Rab8 {[%emt 0:00:09]} 24. Qc3 {[%emt 0:00:01]} Qb6 {[%emt 0:00:06]} 25. Rab1 {[%emt 0:00:16]} Bc8 {[%emt 0:00:03] Ataberkturkmen48 beraberlik teklif ediyor} 26. Rfd1 {[%emt 0:00:05]} a4 {[%emt 0:00:30]} 27. b4 {[%emt 0:00:04]} Bd7 {[%emt 0:00:04]} 28. Bd3 {[%emt 0:00:08]} e4 {[%emt 0:00:03]} 29. bxc5 {[%emt 0:00:13]} Qxc5 {[%emt 0:00:07]} 30. Bf1 {[%emt 0:00:05]} Rxb1 {[%emt 0:00:06]} 31. Rxb1 {[%emt 0:00:02]} e3 {[%emt 0:00:01]} 32. fxe3 {[%emt 0:00:36]} Rxe3 {[%emt 0:00:00]} 33. Qb4 {[%emt 0:00:01]} Qd4 {[%emt 0:00:13]} 34. Qb6 {[%emt 0:00:09]} Qd2 {[%emt 0:00:13] '} 35. Qd8+ {[%emt 0:00:03]} Be8 {[%emt 0:00:01]} 36. d6 {[%emt 0:00:05]} Kg7 {[%emt 0:00:14]} 37. c5 {[%emt 0:00:01]} Rb3 {[%emt 0:00:06]} 38. Rxb3 {[%emt 0:00:03]} axb3 {[%emt 0:00:00]} 39. c6 {[%emt 0:00:01]} Qe3+ {[%emt 0:00:01]} 40. Kh1 {[%emt 0:00:01]} Qf2 {[%emt 0:00:00]} 41. Qe7+ {[%emt 0:00:01]} Kh6 {[%emt 0:00:01]} 42. Qe2 {[%emt 0:00:01]} Qxe2 {[%emt 0:00:01]} 43. Bxe2 {[%emt 0:00:00]} Bxc6 {[%emt 0:00:01]} 44. Bd3 {[%emt 0:00:00]} Kg7 {[%emt 0:00:03]} 45. Kg1 {[%emt 0:00:02]} Kf6 {[%emt 0:00:01]} 46. Kf2 {[%emt 0:00:03]} Ke5 {[%emt 0:00:02]} 47. Ke3 {[%emt 0:00:01]} Kxd6 {[%emt 0:00:01]} 48. Kd2 {[%emt 0:00:11]} Bxg2 {[%emt 0:00:04]} 49. Kc3 {[%emt 0:00:01]} Bd5 {[%emt 0:00:02]} 50. a4 {[%emt 0:00:01]} Kc5 {[%emt 0:00:04]} 51. a5 {[%emt 0:00:01]} f4 {[%emt 0:00:03]} 52. a6 {[%emt 0:00:01]} Kb6 {[%emt 0:00:01]} 53. Kd4 {[%emt 0:00:01]} Bc6 {[%emt 0:00:07]} 54. Kc3 {[%emt 0:00:01]} Bb5 {[%emt 0:00:03] Omeramirakdag30 offers a draw} 55. Bb1 {[%emt 0:00:03]} Bxa6 {[%emt 0:00:02]} 56. Be4 {[%emt 0:00:02]} Bb7 {[%emt 0:00:03]} 57. Bd3 {[%emt 0:00:02]} Bd5 {[%emt 0:00:01]} 58. h4 {[%emt 0:00:02]} Kc6 {[%emt 0:00:01]} 59. Kd4 {[%emt 0:00:00]} Kd6 {[%emt 0:00:01]} 60. Bb1 {[%emt 0:00:02]} f3 {[%emt 0:00:02]} 61. Ke3 {[%emt 0:00:01]} Ke5 {[%emt 0:00:01]} 62. h5 {[%emt 0:00:01]} gxh5 {[%emt 0:00:03]} 63. Bxh7 {[%emt 0:00:00]} h4 {[%emt 0:00:01]} 64. Kf2 {[%emt 0:00:02]} b2 {[%emt 0:00:02]} 65. Bb1 {[%emt 0:00:02]} Be4 {[%emt 0:00:00]} 66. Ba2 {[%emt 0:00:01]} Kf4 {[%emt 0:00:01]} 67. Bb1 {[%emt 0:00:00]} Bxb1 {[%emt 0:00:01]} 68. Kg1 {[%emt 0:00:00]} Kg3 {[%emt 0:00:01]} 69. Kf1 {[%emt 0:00:01]} Bd3+ {[%emt 0:00:02]} 70. Ke1 {[%emt 0:00:00]} b1=Q+ {[%emt 0:00:01]} 71. Kd2 {[%emt 0:00:01]} Qc2+ {[%emt 0:00:01]} 72. Ke3 {[%emt 0:00:00]} Qe2+ {[%emt 0:00:01]} 73. Kd4 {[%emt 0:00:00]} f2 {[%emt 0:00:01]} 74. Kc3 {[%emt 0:00:00]} f1=Q {[%emt 0:00:01]} 75. Kd4 {[%emt 0:00:00]} Qf4+ {[%emt 0:00:02]} 76. Kc3 {[%emt 0:00:00]} Qc2# {[%emt 0:00:01] (Lag: Av=0.60s, max=1.4s)} 0-1

[Event "Is Bankasi Online Satranc Turn 17-18 YAS"]
[Site "T#646243Mustafa Kemal"]
[Date "2020.05.22"]
[Round "6"]
[White "ahmetburakgurs66"]
[Black "Dogukangureke78"]
[Result "0-1"]
[WhiteElo "1741"]
[BlackElo "1759"]
[Annotator "NA RC"]
[PlyCount "112"]
[EventDate "2020.05.22"]
[EventType "swiss (blitz)"]

1. d4 {[%emt 0:00:02]} Nf6 {[%emt 0:00:02]} 2. c4 {[%emt 0:00:01]} e6 {[%emt 0:00:01]} 3. Nc3 {[%emt 0:00:01]} Bb4 {[%emt 0:00:02]} 4. a3 {[%emt 0:00:01]} Bxc3+ {[%emt 0:00:02]} 5. bxc3 {[%emt 0:00:01]} c5 {[%emt 0:00:01]} 6. Bg5 {[%emt 0:00:01]} Nc6 {[%emt 0:00:15]} 7. e4 {[%emt 0:00:02]} Qa5 {[%emt 0:00:22]} 8. e5 {[%emt 0:00:08]} cxd4 {[%emt 0:00:01]} 9. exf6 {[%emt 0:00:04]} Qxg5 {[%emt 0:00:03]} 10. fxg7 {[%emt 0:00:02]} Qxg7 {[%emt 0:00:05]} 11. Nf3 {[%emt 0:00:04]} dxc3 {[%emt 0:00:02]} 12. Bd3 {[%emt 0:00:02]} d6 {[%emt 0:00:07]} 13. O-O {[%emt 0:00:03]} Bd7 {[%emt 0:00:01]} 14. Rb1 {[%emt 0:00:03]} Rg8 {[%emt 0:00:03]} 15. g3 {[%emt 0:00:03]} b6 {[%emt 0:00:03]} 16. Be4 {[%emt 0:00:09]} Ke7 {[%emt 0:00:31]} 17. Re1 {[%emt 0:00:12]} Rad8 {[%emt 0:00:14]} 18. Nh4 {[%emt 0:00:04]} Ne5 {[%emt 0:00:43]} 19. f4 {[%emt 0:00:09]} Nxc4 {[%emt 0:00:14]} 20. Bd5 {[%emt 0:00:06]} Qg4 {[%emt 0:00:19]} 21. Qxg4 {[%emt 0:00:19]} Rxg4 {[%emt 0:00:02]} 22. Bxc4 {[%emt 0:00:01]} Rdg8 {[%emt 0:00:05]} 23. Nf5+ {[%emt 0:00:03]} Kf6 {[%emt 0:00:09]} 24. Nxd6 {[%emt 0:00:02]} Rxf4 {[%emt 0:00:07]} 25. Ne4+ {[%emt 0:00:03]} Ke7 {[%emt 0:00:05]} 26. Bb5 {[%emt 0:00:04]} Bxb5 {[%emt 0:00:06]} 27. Rxb5 {[%emt 0:00:01]} Rf3 {[%emt 0:00:02]} 28. Nf2 {[%emt 0:00:06]} h5 {[%emt 0:00:03]} 29. Rxh5 {[%emt 0:00:05]} c2 {[%emt 0:00:02]} 30. Rc1 {[%emt 0:00:03]} Rxa3 {[%emt 0:00:01]} 31. Rxc2 {[%emt 0:00:02]} Ra1+ {[%emt 0:00:01]} 32. Kg2 {[%emt 0:00:01]} a5 {[%emt 0:00:02]} 33. Rb5 {[%emt 0:00:04]} a4 {[%emt 0:00:01]} 34. Rxb6 {[%emt 0:00:02]} Ra8 {[%emt 0:00:01]} 35. Rb7+ {[%emt 0:00:01]} Kf6 {[%emt 0:00:01]} 36. Ne4+ {[%emt 0:00:03]} Ke5 {[%emt 0:00:02]} 37. Nc3 {[%emt 0:00:03]} f5 {[%emt 0:00:01]} 38. Rb5+ {[%emt 0:00:03]} Kf6 {[%emt 0:00:02]} 39. Rb6 {[%emt 0:00:07]} a3 {[%emt 0:00:01]} 40. Rb3 {[%emt 0:00:10]} a2 {[%emt 0:00:01]} 41. Kh3 {[%emt 0:00:23]} Rh8+ {[%emt 0:00:01]} 42. Kg2 {[%emt 0:00:03]} Rg1+ {[%emt 0:00:01]} 43. Kxg1 {[%emt 0:00:01]} a1=Q+ {[%emt 0:00:01]} 44. Rb1 {[%emt 0:00:01]} Qa7+ {[%emt 0:00:02]} 45. Kg2 {[%emt 0:00:04]} Qh7 {[%emt 0:00:01]} 46. Rh1 {[%emt 0:00:08]} f4 {[%emt 0:00:02]} 47. Rf2 {[%emt 0:00:01]} e5 {[%emt 0:00:03]} 48. gxf4 {[%emt 0:00:03]} Qh3+ {[%emt 0:00:02]} 49. Kg1 {[%emt 0:00:05]} Qxc3 {[%emt 0:00:02]} 50. fxe5+ {[%emt 0:00:01]} Kxe5 {[%emt 0:00:02]} 51. Re2+ {[%emt 0:00:01]} Kd4 {[%emt 0:00:04]} 52. Kg2 {[%emt 0:00:10]} Rg8+ {[%emt 0:00:02]} 53. Kf2 {[%emt 0:00:02]} Rf8+ {[%emt 0:00:05]} 54. Kg1 {[%emt 0:00:04]} Qc1+ {[%emt 0:00:02]} 55. Kg2 {[%emt 0:00:01]} Qg5+ {[%emt 0:00:01]} 56. Kh3 {[%emt 0:00:02]} Rh8# {[%emt 0:00:01] (Lag: Av=0.70s, max=5.4s)} 0-1

[Event "Is Bankasi Online Satranc Turn 17-18 YAS"]
[Site "T#646243Mustafa Kemal"]
[Date "2020.05.22"]
[Round "6"]
[White "Hakansimsek70"]
[Black "Emrecankaratas76"]
[Result "1-0"]
[WhiteElo "1727"]
[BlackElo "1713"]
[Annotator "NA RC"]
[PlyCount "53"]
[EventDate "2020.05.22"]
[EventType "swiss (blitz)"]
[TimeControl "180+2"]

1. e4 {[%emt 0:00:02]} e5 {[%emt 0:00:04]} 2. Nf3 {[%emt 0:00:02]} Nc6 {[%emt 0:00:02]} 3. Bb5 {[%emt 0:00:02]} Nf6 {[%emt 0:00:03]} 4. d3 {[%emt 0:00:07]} d6 {[%emt 0:00:02]} 5. h3 {[%emt 0:00:05]} Be7 {[%emt 0:00:02]} 6. O-O {[%emt 0:00:02]} a6 {[%emt 0:00:01]} 7. Ba4 {[%emt 0:00:06]} b5 {[%emt 0:00:02]} 8. Bb3 {[%emt 0:00:01]} Na5 {[%emt 0:00:02]} 9. c3 {[%emt 0:00:02]} Nxb3 {[%emt 0:00:01]} 10. Qxb3 {[%emt 0:00:00]} O-O {[%emt 0:00:12]} 11. Re1 {[%emt 0:00:08]} Bb7 {[%emt 0:00:16]} 12. a4 {[%emt 0:00:09]} Qd7 {[%emt 0:00:07]} 13. axb5 {[%emt 0:00:05]} axb5 {[%emt 0:00:08]} 14. Rxa8 {[%emt 0:00:03]} Rxa8 {[%emt 0:00:00]} 15. Ng5 {[%emt 0:00:12]} Bd8 {[%emt 0:00:12]} 16. f4 {[%emt 0:00:10]} h6 {[%emt 0:00:02]} 17. Nf3 {[%emt 0:00:09]} exf4 {[%emt 0:00:06]} 18. Bxf4 {[%emt 0:00:02]} c5 {[%emt 0:00:07]} 19. Nbd2 {[%emt 0:00:12]} Nh5 {[%emt 0:00:10]} 20. Bh2 {[%emt 0:00:03]} d5 {[%emt 0:00:28]} 21. exd5 {[%emt 0:00:10]} Bxd5 {[%emt 0:00:00]} 22. c4 {[%emt 0:00:03]} bxc4 {[%emt 0:00:07]} 23. dxc4 {[%emt 0:00:01]} Bc6 {[%emt 0:00:18]} 24. Rd1 {[%emt 0:00:33]} Bxf3 {[%emt 0:00:04]} 25. Nxf3 {[%emt 0:00:01]} Qe6 {[%emt 0:00:12]} 26. Re1 {[%emt 0:00:06]} Qf5 {[%emt 0:00:22]} 27. g4 {[%emt 0:00:11] Zaman (Lag: Av=0.50s, max=0.9s)} 1-0

[Event "Is Bankasi Online Satranc Turn 17-18 YAS"]
[Site "T#646243Mustafa Kemal"]
[Date "2020.05.22"]
[Round "6"]
[White "Burakcanaksoz58"]
[Black "Emrekocakaplan04"]
[Result "0-1"]
[WhiteElo "1722"]
[BlackElo "1713"]
[Annotator "NA RC"]
[PlyCount "100"]
[EventDate "2020.05.22"]
[EventType "swiss (blitz)"]

1. d4 {[%emt 0:00:03]} Nf6 {[%emt 0:00:01]} 2. c4 {[%emt 0:00:01]} e6 {[%emt 0:00:01]} 3. Nc3 {[%emt 0:00:02]} d5 {[%emt 0:00:02]} 4. cxd5 {[%emt 0:00:02]} exd5 {[%emt 0:00:01]} 5. Bg5 {[%emt 0:00:01]} Be7 {[%emt 0:00:04]} 6. e3 {[%emt 0:00:04]} c6 {[%emt 0:00:04]} 7. Qc2 {[%emt 0:00:01]} h6 {[%emt 0:00:07]} 8. Bh4 {[%emt 0:00:02]} O-O {[%emt 0:00:04]} 9. Bd3 {[%emt 0:00:02]} Re8 {[%emt 0:00:14]} 10. h3 {[%emt 0:00:03]} Ne4 {[%emt 0:00:07]} 11. Bxe7 {[%emt 0:00:27]} Qxe7 {[%emt 0:00:01]} 12. Nf3 {[%emt 0:00:02]} Nd7 {[%emt 0:00:11]} 13. O-O {[%emt 0:00:05]} Ndf6 {[%emt 0:00:02]} 14. Ne5 {[%emt 0:00:04]} Nxc3 {[%emt 0:00:17]} 15. bxc3 {[%emt 0:00:06]} Nd7 {[%emt 0:00:41]} 16. Nxd7 {[%emt 0:00:24]} Bxd7 {[%emt 0:00:02]} 17. Bf5 {[%emt 0:00:28]} Bxf5 {[%emt 0:00:07]} 18. Qxf5 {[%emt 0:00:00]} Qa3 {[%emt 0:00:01]} 19. Qd3 {[%emt 0:00:17]} b5 {[%emt 0:00:12]} 20. Rfe1 {[%emt 0:00:14]} a5 {[%emt 0:00:11]} 21. Qc2 {[%emt 0:00:39]} Rab8 {[%emt 0:00:17]} 22. f3 {[%emt 0:00:10]} Re6 {[%emt 0:00:24]} 23. e4 {[%emt 0:00:06]} Rbe8 {[%emt 0:00:08]} 24. e5 {[%emt 0:00:13]} b4 {[%emt 0:00:10]} 25. cxb4 {[%emt 0:00:03]} Qxb4 {[%emt 0:00:01]} 26. Rac1 {[%emt 0:00:02]} Qxd4+ {[%emt 0:00:01]} 27. Kh1 {[%emt 0:00:03]} Rxe5 {[%emt 0:00:04]} 28. Rxe5 {[%emt 0:00:02]} Qxe5 {[%emt 0:00:07]} 29. Qxc6 {[%emt 0:00:02]} d4 {[%emt 0:00:04]} 30. Rd1 {[%emt 0:00:02]} Rd8 {[%emt 0:00:09]} 31. Qb6 {[%emt 0:00:02]} Qf6 {[%emt 0:00:03]} 32. Qc5 {[%emt 0:00:02]} d3 {[%emt 0:00:02]} 33. Qxa5 {[%emt 0:00:02]} Qe6 {[%emt 0:00:02]} 34. Qc3 {[%emt 0:00:02]} d2 {[%emt 0:00:02]} 35. Rxd2 {[%emt 0:00:02]} Qe1+ {[%emt 0:00:01]} 36. Kh2 {[%emt 0:00:02]} Qxd2 {[%emt 0:00:00]} 37. Qc7 {[%emt 0:00:01]} Qd6+ {[%emt 0:00:01]} 38. Qxd6 {[%emt 0:00:02]} Rxd6 {[%emt 0:00:00]} 39. g3 {[%emt 0:00:00]} Ra6 {[%emt 0:00:01]} 40. a4 {[%emt 0:00:00]} Rxa4 {[%emt 0:00:01]} 41. f4 {[%emt 0:00:00]} Ra2+ {[%emt 0:00:00]} 42. Kg1 {[%emt 0:00:01]} Kf8 {[%emt 0:00:00]} 43. g4 {[%emt 0:00:01]} Ke7 {[%emt 0:00:00]} 44. Kf1 {[%emt 0:00:01]} Kd6 {[%emt 0:00:01]} 45. Ke1 {[%emt 0:00:01]} Kd5 {[%emt 0:00:00]} 46. Kf1 {[%emt 0:00:00]} Kd4 {[%emt 0:00:01]} 47. f5 {[%emt 0:00:00]} Ke3 {[%emt 0:00:01]} 48. Kg1 {[%emt 0:00:01]} Kf3 {[%emt 0:00:01]} 49. Kh1 {[%emt 0:00:01]} Kg3 {[%emt 0:00:02]} 50. h4 {[%emt 0:00:00]} Ra1# {[%emt 0:00:06] (Lag: Av=0.86s, max=1.7s)} 0-1

[Event "Is Bankasi Online Satranc Turn 17-18 YAS"]
[Site "T#646243Mustafa Kemal"]
[Date "2020.05.22"]
[Round "6"]
[White "Kutayozkurt40"]
[Black "keremerdal34"]
[Result "1/2-1/2"]
[WhiteElo "1714"]
[BlackElo "1641"]
[Annotator "NA RC"]
[PlyCount "131"]
[EventDate "2020.05.22"]
[EventType "swiss (blitz)"]

1. e4 {[%emt 0:00:04]} c6 {[%emt 0:00:03]} 2. d4 {[%emt 0:00:02]} d5 {[%emt 0:00:01]} 3. exd5 {[%emt 0:00:02]} cxd5 {[%emt 0:00:01]} 4. c4 {[%emt 0:00:01]} Nf6 {[%emt 0:00:01]} 5. Nc3 {[%emt 0:00:03]} Nc6 {[%emt 0:00:02]} 6. Bg5 {[%emt 0:00:30]} e6 {[%emt 0:00:20]} 7. Nf3 {[%emt 0:00:06]} Be7 {[%emt 0:00:15]} 8. Bd3 {[%emt 0:00:14]} h6 {[%emt 0:00:02]} 9. Bh4 {[%emt 0:00:01]} O-O {[%emt 0:00:10]} 10. O-O {[%emt 0:00:01]} dxc4 {[%emt 0:00:13]} 11. Bxc4 {[%emt 0:00:03]} Nd5 {[%emt 0:00:02]} 12. Bxe7 {[%emt 0:00:03]} Ncxe7 {[%emt 0:00:04]} 13. Ne5 {[%emt 0:00:01]} Nb6 {[%emt 0:00:09]} 14. Bb3 {[%emt 0:00:04]} Nc6 {[%emt 0:00:05]} 15. Nxc6 {[%emt 0:00:05]} bxc6 {[%emt 0:00:00]} 16. Bc2 {[%emt 0:00:04]} Nd5 {[%emt 0:00:05]} 17. Qd3 {[%emt 0:00:02]} g6 {[%emt 0:00:15]} 18. a3 {[%emt 0:00:02]} a5 {[%emt 0:00:08]} 19. Qg3 {[%emt 0:00:06]} Nxc3 {[%emt 0:00:07]} 20. bxc3 {[%emt 0:00:00]} Qf6 {[%emt 0:00:02]} 21. Rab1 {[%emt 0:00:04]} Ba6 {[%emt 0:00:04]} 22. Rfe1 {[%emt 0:00:05]} Rac8 {[%emt 0:00:20]} 23. Qe3 {[%emt 0:00:07]} Kh7 {[%emt 0:00:14]} 24. a4 {[%emt 0:00:01]} Rb8 {[%emt 0:00:04]} 25. h3 {[%emt 0:00:06]} Rb7 {[%emt 0:00:09]} 26. Rxb7 {[%emt 0:00:05]} Bxb7 {[%emt 0:00:00]} 27. Rb1 {[%emt 0:00:01]} Qe7 {[%emt 0:00:03]} 28. Qe5 {[%emt 0:00:04]} Ba6 {[%emt 0:00:09]} 29. Qxa5 {[%emt 0:00:03]} Bc4 {[%emt 0:00:07]} 30. Qc5 {[%emt 0:00:04]} Bd5 {[%emt 0:00:02]} 31. a5 {[%emt 0:00:01]} Qxc5 {[%emt 0:00:04]} 32. dxc5 {[%emt 0:00:05]} Ra8 {[%emt 0:00:02]} 33. Ra1 {[%emt 0:00:06]} Bc4 {[%emt 0:00:05]} 34. f3 {[%emt 0:00:02]} Kg7 {[%emt 0:00:04]} 35. Kf2 {[%emt 0:00:01]} Kf6 {[%emt 0:00:02]} 36. Ke3 {[%emt 0:00:01]} Ke5 {[%emt 0:00:03]} 37. Bd3 {[%emt 0:00:05]} Bxd3 {[%emt 0:00:07]} 38. Kxd3 {[%emt 0:00:01]} Kd5 {[%emt 0:00:01]} 39. c4+ {[%emt 0:00:20]} Kxc5 {[%emt 0:00:01]} 40. Kc3 {[%emt 0:00:01]} Ra6 {[%emt 0:00:04] keremerdal34 offers a draw} 41. f4 {[%emt 0:00:06]} h5 {[%emt 0:00:06]} 42. g4 {[%emt 0:00:02]} Ra8 {[%emt 0:00:08]} 43. f5 {[%emt 0:00:09]} exf5 {[%emt 0:00:04]} 44. gxf5 {[%emt 0:00:01]} gxf5 {[%emt 0:00:01]} 45. Rf1 {[%emt 0:00:01]} Rxa5 {[%emt 0:00:03]} 46. Rxf5+ {[%emt 0:00:01]} Kb6 {[%emt 0:00:01]} 47. Rxf7 {[%emt 0:00:02]} Ra3+ {[%emt 0:00:01]} 48. Kd4 {[%emt 0:00:02]} Rxh3 {[%emt 0:00:02]} 49. c5+ {[%emt 0:00:01]} Ka6 {[%emt 0:00:06] keremerdal34 offers a draw} 50. Rc7 {[%emt 0:00:08]} Kb5 {[%emt 0:00:04]} 51. Rb7+ {[%emt 0:00:01]} Ka5 {[%emt 0:00:02]} 52. Rb6 {[%emt 0:00:04]} Rh4+ {[%emt 0:00:01]} 53. Ke5 {[%emt 0:00:02]} Rh1 {[%emt 0:00:02]} 54. Rxc6 {[%emt 0:00:01]} Kb5 {[%emt 0:00:01]} 55. Kd6 {[%emt 0:00:06]} Rd1+ {[%emt 0:00:02]} 56. Kc7 {[%emt 0:00:02]} h4 {[%emt 0:00:07]} 57. Rd6 {[%emt 0:00:32]} Rc1 {[%emt 0:00:01]} 58. c6 {[%emt 0:00:03]} h3 {[%emt 0:00:01]} 59. Rd5+ {[%emt 0:00:14]} Rc5 {[%emt 0:00:02]} 60. Rxc5+ {[%emt 0:00:06]} Kxc5 {[%emt 0:00:00]} 61. Kd7 {[%emt 0:00:01]} h2 {[%emt 0:00:01]} 62. c7 {[%emt 0:00:01]} h1=Q {[%emt 0:00:01]} 63. c8=Q+ {[%emt 0:00:00]} Kd4 {[%emt 0:00:02]} 64. Qc7 {[%emt 0:00:14]} Qh7+ {[%emt 0:00:02]} 65. Kc8 {[%emt 0:00:01]} Qxc7+ {[%emt 0:00:01]} 66. Kxc7 {[%emt 0:00:00] (Lag: Av=0.59s, max=3.7s)} 1/2-1/2

[Event "Is Bankasi Online Satranc Turn 17-18 YAS"]
[Site "T#646243Mustafa Kemal"]
[Date "2020.05.22"]
[Round "6"]
[White "Canberkgiray40"]
[Black "Ahmetemreoztur80"]
[Result "1-0"]
[WhiteElo "1711"]
[BlackElo "1697"]
[Annotator "NA RC"]
[PlyCount "36"]
[EventDate "2020.05.22"]
[EventType "swiss (blitz)"]

1. e4 {[%emt 0:00:07]} c5 {[%emt 0:00:02]} 2. Nf3 {[%emt 0:00:02]} Nc6 {[%emt 0:00:02]} 3. c3 {[%emt 0:00:01]} e5 {[%emt 0:00:02]} 4. Bc4 {[%emt 0:00:07]} Be7 {[%emt 0:00:12]} 5. O-O {[%emt 0:00:04]} Nf6 {[%emt 0:00:01]} 6. Qc2 {[%emt 0:00:02]} O-O {[%emt 0:00:03]} 7. d3 {[%emt 0:00:17]} a6 {[%emt 0:00:16]} 8. a4 {[%emt 0:00:03]} d6 {[%emt 0:00:05]} 9. h3 {[%emt 0:00:03]} Be6 {[%emt 0:00:29]} 10. Bxe6 {[%emt 0:00:12]} fxe6 {[%emt 0:00:00]} 11. Be3 {[%emt 0:00:02]} d5 {[%emt 0:00:13]} 12. Na3 {[%emt 0:00:18]} d4 {[%emt 0:00:09]} 13. Bd2 {[%emt 0:00:05]} Qc7 {[%emt 0:00:21]} 14. cxd4 {[%emt 0:00:12]} exd4 {[%emt 0:00:06]} 15. Nc4 {[%emt 0:00:11]} b5 {[%emt 0:00:08]} 16. Na3 {[%emt 0:00:12]} e5 {[%emt 0:00:11]} 17. axb5 {[%emt 0:00:04]} Nb4 {[%emt 0:00:10]} 18. Bxb4 {[%emt 0:00:04]} Qc6 {[%emt 0:00:20] Ahmetemreoztur80 terk eder (Lag: Av=0.50s, max=0.8s)} 1-0

[Event "Is Bankasi Online Satranc Turn 17-18 YAS"]
[Site "T#646243Mustafa Kemal"]
[Date "2020.05.22"]
[Round "6"]
[White "Mustafaberkayb82"]
[Black "Ozgurkazak62"]
[Result "1-0"]
[WhiteElo "1597"]
[BlackElo "1574"]
[Annotator "NA RC"]
[PlyCount "21"]
[EventDate "2020.05.22"]
[EventType "swiss (blitz)"]
[TimeControl "180+2"]

1. e4 {[%emt 0:00:05]} e5 {[%emt 0:00:02]} 2. Nf3 {[%emt 0:00:02]} Nc6 {[%emt 0:00:18]} 3. Nc3 {[%emt 0:00:03]} Nf6 {[%emt 0:00:08]} 4. d4 {[%emt 0:00:03]} exd4 {[%emt 0:00:02]} 5. Nxd4 {[%emt 0:00:00]} Nxd4 {[%emt 0:00:02]} 6. Qxd4 {[%emt 0:00:00]} d6 {[%emt 0:00:02]} 7. Bg5 {[%emt 0:00:02]} Be7 {[%emt 0:00:02]} 8. O-O-O {[%emt 0:00:05]} h6 {[%emt 0:00:02]} 9. Bh4 {[%emt 0:00:03]} c5 {[%emt 0:00:08]} 10. Qa4+ {[%emt 0:00:25]} Qd7 {[%emt 0:00:08]} 11. Bb5 {[%emt 0:00:10] Ozgurkazak62 resigns (Lag: Av=0.57s, max=0.7s)} 1-0

[Event "Is Bankasi Online Satranc Turn 17-18 YAS"]
[Site "T#646243Mustafa Kemal"]
[Date "2020.05.22"]
[Round "6"]
[White "Kemalalpcakir74"]
[Black "Merttosun42"]
[Result "0-1"]
[WhiteElo "1587"]
[BlackElo "1589"]
[Annotator "NA RC"]
[PlyCount "46"]
[EventDate "2020.05.22"]
[EventType "swiss (blitz)"]

1. e4 {[%emt 0:00:05]} c6 {[%emt 0:00:01]} 2. Nf3 {[%emt 0:00:14]} d5 {[%emt 0:00:01]} 3. exd5 {[%emt 0:00:01]} cxd5 {[%emt 0:00:01]} 4. d4 {[%emt 0:00:00]} Bg4 {[%emt 0:00:06]} 5. h3 {[%emt 0:00:01]} Bh5 {[%emt 0:00:02]} 6. Be2 {[%emt 0:00:01]} e6 {[%emt 0:00:06]} 7. O-O {[%emt 0:00:02]} Nf6 {[%emt 0:00:03]} 8. Ne5 {[%emt 0:00:08]} Bg6 {[%emt 0:00:06]} 9. c3 {[%emt 0:00:09]} Bd6 {[%emt 0:00:07]} 10. Bf4 {[%emt 0:00:09]} Nbd7 {[%emt 0:00:07]} 11. Nxd7 {[%emt 0:01:02]} Bxf4 {[%emt 0:00:09]} 12. Nxf6+ {[%emt 0:00:02]} Qxf6 {[%emt 0:00:02]} 13. Nd2 {[%emt 0:00:04]} Bd6 {[%emt 0:00:13]} 14. Nf3 {[%emt 0:00:07]} O-O {[%emt 0:00:22]} 15. Bd3 {[%emt 0:00:02]} Bh5 {[%emt 0:00:03]} 16. Be2 {[%emt 0:00:08]} Qf4 {[%emt 0:00:05]} 17. g3 {[%emt 0:00:18]} Qf6 {[%emt 0:00:09]} 18. Kg2 {[%emt 0:00:09]} g5 {[%emt 0:00:24]} 19. Qd2 {[%emt 0:00:32]} g4 {[%emt 0:00:07]} 20. hxg4 {[%emt 0:00:13]} Bxg4 {[%emt 0:00:03]} 21. Rae1 {[%emt 0:00:09]} Kh8 {[%emt 0:00:12]} 22. Qg5 {[%emt 0:00:04]} Bxf3+ {[%emt 0:00:09]} 23. Bxf3 {[%emt 0:00:05]} Qxg5 {[%emt 0:00:01] Zaman (Lag: Av=0.79s, max=1.2s)} 0-1

[Event "Is Bankasi Online Satranc Turn 17-18 YAS"]
[Site "T#646243Mustafa Kemal"]
[Date "2020.05.22"]
[Round "6"]
[White "emreerdal60"]
[Black "Atahanbulut70"]
[Result "1-0"]
[WhiteElo "1557"]
[BlackElo "1431"]
[Annotator "NA RC"]
[PlyCount "51"]
[EventDate "2020.05.22"]
[EventType "swiss (blitz)"]

1. e4 {[%emt 0:00:03]} e5 {[%emt 0:00:01]} 2. Nf3 {[%emt 0:00:02]} Nc6 {[%emt 0:00:01]} 3. Bc4 {[%emt 0:00:01]} Qf6 {[%emt 0:00:08]} 4. d3 {[%emt 0:00:03]} a6 {[%emt 0:00:08]} 5. Bg5 {[%emt 0:00:02]} Qg6 {[%emt 0:00:08]} 6. Qd2 {[%emt 0:00:06]} f6 {[%emt 0:00:10]} 7. h4 {[%emt 0:00:32]} h6 {[%emt 0:00:14]} 8. h5 {[%emt 0:00:06]} Bb4 {[%emt 0:00:38]} 9. c3 {[%emt 0:00:03]} Nd4 {[%emt 0:00:13]} 10. hxg6 {[%emt 0:00:05]} hxg5 {[%emt 0:00:08]} 11. Rxh8 {[%emt 0:00:03]} d5 {[%emt 0:00:34]} 12. Rxg8+ {[%emt 0:00:00]} Ke7 {[%emt 0:00:17]} 13. Nxd4 {[%emt 0:00:00]} exd4 {[%emt 0:00:05]} 14. cxb4 {[%emt 0:00:00]} b5 {[%emt 0:00:10]} 15. Bxd5 {[%emt 0:00:00]} Rb8 {[%emt 0:00:13]} 16. Rxg7+ {[%emt 0:00:02]} Kd6 {[%emt 0:00:03]} 17. Rf7 {[%emt 0:00:00]} Be6 {[%emt 0:00:11]} 18. f4 {[%emt 0:00:00]} Bxf7 {[%emt 0:00:02]} 19. Bxf7 {[%emt 0:00:02]} Rf8 {[%emt 0:00:06]} 20. fxg5 {[%emt 0:00:02]} Rxf7 {[%emt 0:00:05]} 21. gxf7 {[%emt 0:00:00]} Ke7 {[%emt 0:00:02]} 22. g6 {[%emt 0:00:00]} f5 {[%emt 0:00:02]} 23. e5 {[%emt 0:00:00]} c6 {[%emt 0:00:02]} 24. Qg5+ {[%emt 0:00:00]} Kf8 {[%emt 0:00:04]} 25. g7+ {[%emt 0:00:00]} Kxf7 {[%emt 0:00:02]} 26. g8=Q# {[%emt 0:00:00] (Lag: Av=0.60s, max=1.4s)} 1-0